Memorias sobre la segunda reincorporación de Santo Domingo a España / (Registro nro. 14626)
[ vista simple ]
| 000 -LIDER | |
|---|---|
| fixed length control field | 00779nam a2200205 a 4500 |
| 001 - NÚMERO DE CONTROL | |
| Identificador de número de control | 000025524 |
| 003 - IDENTIFICACDOR DE NÚMERO DE CONTROL | |
| control field | DO-SdBNP |
| 005 - DATE AND TIME OF LATEST TRANSACTION | |
| control field | 20240412132058.0 |
| 008 - ELEMENTOS DE LONGITUD FIJA | |
| fixed length control field | 110217s1983 dr r 000 0 spa d |
| 040 ## - FUENTE DE CATALOGACIÓN | |
| Agencia que crea de manera original el registro | DO-SdBNP |
| Idioma de catalogación | spa |
| Agencia que realiza la transcripción | BPMSU |
| 082 #4 - NÚMERO DE CLASIFICACIÓN DECIMAL DE DEWEY | |
| Classification number | 972.9304 |
| Item number | L864m 1983 |
| Edition number | 22 |
| 100 1# - ASIENTO PRINCIPAL -- NOMBRE PERSONAL | |
| Nombre personal | López Morillo, Adriano |
| Fechas asociadas con el nombre | 1837-1913 |
| 245 10 - MENCIÓN DE TITULO | |
| Título | Memorias sobre la segunda reincorporación de Santo Domingo a España / |
| Mención de responsabilidad | Adriano López Morillo. |
| 260 ## - PUBLICACIÓN, DISTRIBUCIÓN, ETC. (PIE DE IMPRENTA) | |
| Lugar de publicación, distribución, etc | Santo Domingo : |
| Nombre del editor, distribuidor, etc. | Sociedad Dominicana de Bibliófilos, |
| Impresor | Corripio, |
| Fecha de publicación, distribución, etc | 1983. |
| 300 ## - DESCRIPCIÓN FÍSICA | |
| Extensión | v. : |
| Otros detalles físicos | il. ; |
| Dimensiones | 25 cm. |
| 500 ## - NOTA GENERAL | |
| Nota general | Incluye referencias bibliográficas y notas al pie de las páginas |
| 651 #4 - ENCABEZAMIENTO DE MATERIA--NOMBRE GEOGRÁFICO | |
| Nombre geográfico | República Dominicana |
| Subdivisión temática general | Historia |
| Subdivisión cronológica | Anexión a España 1861-1865 |
| 910 ## - VALIDACIÓN | |
| Validación | VMateo V. Control de calidad. BPMSU |
| 942 ## - ADDED ENTRY ELEMENTS (KOHA) | |
| Source of classification or shelving scheme | Dewey Decimal Classification |
| Koha item type | Libros |
| Withdrawn status | Lost status | Source of classification or shelving scheme | Damaged status | Not for loan | Collection code | Home library | Current library | Date acquired | Total Checkouts | Full call number | Barcode | Date last seen | Copy number | Price effective from | Koha item type |
|---|---|---|---|---|---|---|---|---|---|---|---|---|---|---|---|
| Dewey Decimal Classification | Colección Dominicana | Biblioteca Pública Metropolitana Salomé Ureña | Biblioteca Pública Metropolitana Salomé Ureña | 04/12/2024 | BPMSU CD 972.9304 L864m 1983 | BPM24040014 | 04/12/2024 | v.2 | 04/12/2024 | Libros |